Counterurbanization : the changing pace and nature of population deconcentration

Αποθηκεύτηκε σε:
Λεπτομέρειες βιβλιογραφικής εγγραφής
Άλλοι συγγραφείς: Champion, A. G. (Anthony Gerard) (Επιμελητής έκδοσης)
Μορφή: Βιβλίο
Γλώσσα:English
Δημοσίευση: London : Edward Arnold, 1990
Θέματα:
Ετικέτες: Προσθήκη ετικέτας
Δεν υπάρχουν, Καταχωρήστε ετικέτα πρώτοι!

MARC

LEADER 00000nam a2200000 i 4500
001 1/96773
008 941207s1990 eng d
020 |a 0-7131-6573-1 
035 |l 10010309 
040 |a GR-MY-UA  |b gre  |e aacr 
041 0 |a eng 
082 0 |a 304.61 
245 1 0 |a Counterurbanization :  |b the changing pace and nature of population deconcentration /  |c Edited by A. G. Champion 
260 |a London :   |b Edward Arnold,   |c 1990 
300 |a 266 p.  |b tables; fig. 
504 |a Bibliography: p.245-260. Includes index. 
650 0 0 |a Population density. 
650 0 0 |a Population forecasting. 
650 0 0 |a Rural population. 
650 0 0 |a Urbanization. 
700 1 |a Champion, A. G.  |q (Anthony Gerard)  |4 edt 
852 |a INST  |b LESVOS  |e 19941207  |h 304.61 COU  |p 005100003252  |q 005100003252  |t BK  |y 0 
909 |a Λ  |b 037065